[Event "ARG-ch U12"]
[Site "Buenos Aires"]
[Date "2019.03.01"]
[Round "2.5"]
[White "Ferreri, Tomas"]
[Black "Migale, Tobias"]
[Result "0-1"]
[WhiteElo "1448"]
[BlackElo "1274"]
[PlyCount "114"]
[EventDate "2019.03.01"]
[EventType "swiss"]
[EventRounds "9"]
[EventCountry "ARG"]
[SourceTitle "EXT 2024"]
[Source "ChessBase"]
[SourceDate "2023.10.10"]
[SourceVersion "1"]
[SourceVersionDate "2023.10.10"]
[SourceQuality "1"]

1. d4 Nf6 2. Bf4 g6 3. e3 Bg7 4. Nf3 d6 5. Bd3 0-0 6. Nbd2 c5 7. h3 Nh5 8. Bh2 Nc6 9. c3 Be6 10. Ng5 Bd7 11. Bc4 Rc8 12. Nxf7 Rxf7 13. Bxf7+ Kxf7 14. Qf3+ Kg8 15. Qd5+ Kh8 16. dxc5 dxc5 17. Nb3 b6 18. Rd1 Nf6 19. Qf3 Qg8 20. Ra1 Na5 21. Nc1 Be6 22. 0-0 Nc4 23. Qe2 Rd8 24. Nb3 Bf5 25. Rfd1 Rxd1+ 26. Rxd1 Be6 27. Bc7 Nd7 28. Bf4 a5 29. Bc7 Qc8 30. Bh2 a4 31. Nc1 Nf6 32. b3 axb3 33. axb3 Na5 34. Qb5 Nd7 35. c4 h6 36. Ne2 Nc6 37. Nf4 Na7 38. Nxg6+ Kh7 39. Nxe7 Qe8 40. Qa4 Qxe7 41. Qxa7 Qg5 42. Rxd7 Bxd7 43. Qxd7 Qf6 44. Qd3+ Kh8 45. Bc7 Qc6 46. Qd8+ Kh7 47. Qd6 Qe8 48. Bxb6 Be5 49. Qxc5 Bb8 50. Qf5+ Kg8 51. Qd5+ Kh7 52. Qb7+ Kg8 53. c5 Qe5 54. g3 Qa1+ 55. Kg2 Bxg3 56. Kxg3 Qg1+ 57. Kh4 Qg5# 0-1